| 000 | 00621nam a2200193Ia 4500 | ||
|---|---|---|---|
| 003 | SGT | ||
| 020 | _a9780070671553 | ||
| 082 |
_a621.3824 _bKRA |
||
| 100 | _aKraige,L.G | ||
| 245 | _aAntennas and wave propagation | ||
| 250 | _a4th . Ed. | ||
| 260 |
_bTata McGraw Hill Education Private Limited _aNew Delhi _c2014 |
||
| 300 | _a966p. | ||
| 650 | _aELECTRONICS ENGINEERING | ||
| 653 | _aINTRODUCTION,ANTENNA BASICS,THE ANTENNA FAMILY,RADIATION,POINT SOURCES AND THEIR ARRAYS,LOOP SLOT AND HORN ANTENNAS,HELICAL ANTENNAS,REFLECTOR ANTENNAS | ||
| 700 | _aKhan,Ahmad S | ||
| 700 | _aMarhefka,Ronald J | ||
| 942 |
_2ddc _cBK |
||
| 999 |
_c5582 _d5582 |
||